000
00307 a2200157 4500
001
186707
020
_a
85-86802-02-6
040
_c
Magnum
100
_a
França, Mary
240
1
0
_a
A cabra
_l
por
245
1
0
_a
A cabra
300
_a
16
362
0
_a
1998
697
_a
LITERATURA INFANTIL
942
_c
BK
999
_c
186707
_d
186707